La cerámica arquitectónica, una nueva frontera /
Los ornamentos decorativos en la arquitectura y la utilización de nuevas técnicas y máquinas que integraron a los ceramistas profesionales. Aspectos que contribuyeron al desarrollo del "Estilo Internacional" y "La cerámica arquitectónica" movimientos importantes en numerosos lug...
Gardado en:
| Autores principales: | , |
|---|---|
| Formato: | Desconocido |
| Idioma: | Spanish |
| Materias: | |
| Etiquetas: |
Engadir etiqueta
Sen Etiquetas, Sexa o primeiro en etiquetar este rexistro!
|
MARC
| LEADER | 000000000a22000000004500 | ||
|---|---|---|---|
| 001 | 009411 | ||
| 041 | 0 | |a spa | |
| 100 | 1 | |a Santana, José | |
| 100 | 1 | |a Marín, Xinia | |
| 245 | 1 | 3 | |a La cerámica arquitectónica, una nueva frontera / |c José Santana, Xinia Marín. |
| 310 | |a semestral | ||
| 520 | |a Los ornamentos decorativos en la arquitectura y la utilización de nuevas técnicas y máquinas que integraron a los ceramistas profesionales. Aspectos que contribuyeron al desarrollo del "Estilo Internacional" y "La cerámica arquitectónica" movimientos importantes en numerosos lugares de Estados Unidos y Canadá, Europa y Centroamérica. | ||
| 650 | 4 | |a DECORACION Y ORNAMENTACION | |
| 650 | 4 | |a CERAMICA | |
| 650 | 4 | |a ARQUITECTURA | |
| 773 | 0 | |x 1659-0066 |d San José, Costa Rica : Editorial de la Universidad de Costa Rica |t Herencia |g volumen 15, número 1 (2003), páginas 29-35 | |
| 942 | |c ARC | ||
| 999 | |c 15261 |d 15261 | ||
